<The> IMF approach to economic stabilization

Salvato in:
Dettagli Bibliografici
Autore principale: Mussa, Michael
Altri autori: Savastano, Miguel A.
Natura: Libro
Lingua:inglese
Pubblicazione: Washington International Monetary Fund 1999
Serie:IMF Working Paper WP/99/104
Soggetti:
Tags: Aggiungi Tag
Nessun Tag, puoi essere il primo ad aggiungerne!!

MARC

LEADER 00000nam a2200000 4500
001 c123717
005 20221221082607.8
041 0 |a eng 
044 |a US 
245 1 0 |a <The> IMF approach to economic stabilization  |c Michael Mussa, Miguel A. Savastano 
264 1 |a Washington  |b International Monetary Fund  |c 1999 
300 |a 42 s. 
490 1 |a IMF Working Paper  |v WP/99/104 
830 0 |a IMF Working Paper  |v WP/99/104 
610 2 0 |a stabilizácia hospodárstva 
610 2 0 |a Medzinárodný menový fond 
610 2 0 |a intervencie 
100 1 |a Mussa, Michael 
700 1 |a Savastano, Miguel A.